Modern Science and Modern Man (Record no. 553487)

000 -LEADER
fixed length control field 00359nam a22001337a 4500
082 ## - DEWEY DECIMAL CLASSIFICATION NUMBER
Classification number 502
Author Mark CON
100 ## - MAIN ENTRY--PERSONAL NAME
Personal name James B. Conant
9 (RLIN) 50733
245 ## - TITLE STATEMENT
Title Modern Science and Modern Man
Remainder of title Canant James B.
260 ## - PUBLICATION, DISTRIBUTION, ETC.
Place of publication, distribution, etc. New York
Name of publisher, distributor, etc. Columbia University
Date of publication, distribution, etc. 1955
300 ## - PHYSICAL DESCRIPTION
Extent 187 p.:
526 ## - STUDY PROGRAM INFORMATION NOTE
Program name 0
Interest level 0
Reading level 0
Title point value 502_000000000000000_CON
650 ## - SUBJECT ADDED ENTRY--TOPICAL TERM
Topical term or geographic name entry element MCE
9 (RLIN) 379
942 ## - ADDED ENTRY ELEMENTS (KOHA)
Source of classification or shelving scheme
Koha item type Book
Holdings
Withdrawn status Lost status Source of classification or shelving scheme Damaged status Not for loan Permanent Location Current Location Shelving location Date acquired Total Checkouts Full call number Barcode Date last seen Price effective from Koha item type
          Military College of Engineering (MCE) Military College of Engineering (MCE)   02/13/2015   502 CON MCE-MCM/2.1 02/13/2015 02/13/2015 Book
© 2023 Central Library, National University of Sciences and Technology. All Rights Reserved.